000 00442nam a2200169Ia 4500
003 LDD
040 _cLDD
082 _a294.382 B469W
100 _aBhikkhu, Thanissaro
245 0 _aWings to awakening
_bAn anthology from the pali canon
_cThanissaro Bhikkhu
260 _aUSA
_bDhamma dana publications
_c1996
300 _axii, 352p.
365 _b704.00
901 _a8302
_b17-01-2012
903 _bGifted by : Madhuwala
942 _2ddc
_cG
999 _c15260
_d15260